| 000 | 00569nam a2200193 4500 | ||
|---|---|---|---|
| 001 | 144381 | ||
| 003 | ES-MaACL | ||
| 005 | 20230906201014.0 | ||
| 007 | t| | ||
| 008 | 070214s1972 sp r ||||1| spa d | ||
| 100 | 1 |
_aSiguán, Miguel. _9106313 |
|
| 245 | 1 | 3 |
_aEl medio rural en Andalucía oriental / _cMiguel Siguán. |
| 260 |
_aBarcelona : _bAriel, _c1972. |
||
| 300 |
_a251 p. ; _c19 cm. |
||
| 490 | 1 | _aDemos. Biblioteca de sociología | |
| 830 | 0 |
_aDemos. Biblioteca de sociología _9183598 |
|
| 852 |
_aES-MaACL _jC-49317 _bR.84212 |
||
| 999 |
_c144381 _d144381 |
||